[Event "IECG CN.2001.0.00262"]
[Site "IECG email"]
[Date "2001.09.23"]
[Round "?"]
[White "Hieronymi, Andrew"]
[Black "Monill, Favio"]
[Result "1-0"]
[WhiteElo "957"]
[BlackElo "800"]
[PlyCount "65"]
[EventDate "2001.09.23"]
[EventType "tourn (corr)"]
[EventRounds "6"]
[SourceTitle "Corr 2008"]
[Source "ChessBase"]
[SourceDate "2008.06.24"]
[SourceVersion "1"]
[SourceVersionDate "2008.06.24"]
[SourceQuality "1"]

1. e4 c6 2. d4 d5 3. Nc3 dxe4 4. Nxe4 Bf5 5. Ng3 Bg6 6. h4 h6 7. Nf3 e6 8. Ne5 Ne7 9. Bc4 Bh7 10. Qf3 Bg8 11. Be3 Nd5 12. 0-0-0 Nd7 13. Ne4 Qc7 14. Nxd7 Qxd7 15. Bf4 Nxf4 16. Qxf4 0-0-0 17. f3 Bh7 18. g3 Qc7 19. Qxc7+ Kxc7 20. c3 b5 21. Bb3 Be7 22. h5 a5 23. a4 bxa4 24. Bxa4 Rd5 25. Bb3 Rf5 26. Rdf1 Rb8 27. Bc4 c5 28. dxc5 Rd8 29. b3 Bxc5 30. Kb2 Re5 31. Re1 Be7 32. g4 Bxe4 33. fxe4 1-0

[Event "IECG CN.2001.0.00262"]
[Site "IECG email"]
[Date "2001.09.23"]
[Round "?"]
[White "Hieronymi, Andrew"]
[Black "Rosenberger, Jerome"]
[Result "0-1"]
[WhiteElo "957"]
[BlackElo "675"]
[PlyCount "74"]
[EventDate "2001.09.23"]
[EventType "tourn (corr)"]
[EventRounds "6"]
[SourceTitle "Corr 2008"]
[Source "ChessBase"]
[SourceDate "2008.06.24"]
[SourceVersion "1"]
[SourceVersionDate "2008.06.24"]
[SourceQuality "1"]

1. e4 c5 2. Nf3 Nc6 3. d4 cxd4 4. Nxd4 Nf6 5. Nc3 d6 6. Bb5 Bd7 7. Bg5 a6 8. Bxf6 gxf6 9. Bc4 Nxd4 10. Qxd4 Rg8 11. Qd5 e6 12. Qxb7 Rxg2 13. e5 Rg5 14. exd6 Rb8 15. Qa7 Re5+ 16. Ne2 Qa5+ 17. Kd1 Rxb2 18. Bb3 Rxc2 19. Bxc2 Qd5+ 20. Kc1 Qxh1+ 21. Kb2 Rb5+ 22. Bb3 Qb7 23. Qxb7 Rxb7 24. Rd1 Rb6 25. Ng3 Bxd6 26. Ne4 Be5+ 27. Ka3 f5 28. Ng5 Bxh2 29. Nxf7 Bf4 30. Kb2 Ba4 31. Rd4 Bxb3 32. axb3 Bb8 33. Ng5 Be5 34. Nf3 Bxd4+ 35. Nxd4 Ke7 36. Ne2 Kf6 37. Ng3 Kg5 0-1

[Event "IECG CN.2001.0.00262"]
[Site "IECG email"]
[Date "2001.09.23"]
[Round "?"]
[White "Leon, Orestes"]
[Black "Hieronymi, Andrew"]
[Result "1-0"]
[WhiteElo "800"]
[BlackElo "957"]
[PlyCount "61"]
[EventDate "2001.09.23"]
[EventType "tourn (corr)"]
[EventRounds "6"]
[SourceTitle "Corr 2008"]
[Source "ChessBase"]
[SourceDate "2008.06.24"]
[SourceVersion "1"]
[SourceVersionDate "2008.06.24"]
[SourceQuality "1"]

1. e4 c5 2. Nc3 Nc6 3. g3 g6 4. Bg2 Bg7 5. d3 d6 6. f4 e5 7. Nf3 Bg4 8. h3 Bxf3 9. Bxf3 exf4 10. Bxf4 Bxc3+ 11. bxc3 Qf6 12. c4 Nge7 13. 0-0 0-0 14. Rb1 b6 15. Bh6 Rfd8 16. Qd2 Qe5 17. Kh2 Nd4 18. Bg2 Rac8 19. Bg5 Re8 20. c3 Ne2 21. Rf3 Nxc3 22. Rc1 Nxe4 23. dxe4 f5 24. Re3 Qd4 25. Rd3 Qe5 26. Rxd6 fxe4 27. Bf6 e3 28. Qd3 Qh5 29. g4 Qh6 30. Bd5+ Kf8 31. Bg7+ 1-0

[Event "IECG CN.2000.0.00226"]
[Site "IECG email"]
[Date "2000.12.12"]
[Round "?"]
[White "Zednik, Martin"]
[Black "Hieronymi, Andrew"]
[Result "1-0"]
[WhiteElo "800"]
[BlackElo "800"]
[PlyCount "63"]
[EventDate "2000.12.12"]
[EventType "tourn (corr)"]
[EventRounds "6"]
[SourceTitle "Corr 2008"]
[Source "ChessBase"]
[SourceDate "2008.06.24"]
[SourceVersion "1"]
[SourceVersionDate "2008.06.24"]
[SourceQuality "1"]

1. e4 c5 2. d4 cxd4 3. c3 dxc3 4. Nxc3 Nc6 5. Nf3 d6 6. Bc4 e6 7. 0-0 a6 8. Bb3 b5 9. Bf4 e5 10. Be3 Nf6 11. Ng5 Be6 12. Nxe6 fxe6 13. Bxe6 Qe7 14. Nd5 Nxd5 15. Qxd5 Qb7 16. Rac1 Nd8 17. Qxb7 Nxb7 18. Bd5 Rb8 19. Rc7 Nc5 20. Bg5 Nd7 21. Rfc1 Rd8 22. Bxd8 Kxd8 23. Rc8+ Ke7 24. R1c7 g6 25. Bc6 Bg7 26. Rxd7+ Kf6 27. Rcc7 Bf8 28. h4 g5 29. Rf7+ Kg6 30. Be8 Kh5 31. Rf4+ Kh6 32. Rf6# 1-0

[Event "IECG CN.2000.0.00223"]
[Site "IECG email"]
[Date "2000.11.16"]
[Round "?"]
[White "Hieronymi, Andrew"]
[Black "Eden, Malcolm"]
[Result "1-0"]
[WhiteElo "800"]
[BlackElo "800"]
[PlyCount "73"]
[EventDate "2000.11.16"]
[EventType "tourn (corr)"]
[EventRounds "6"]
[SourceTitle "Corr 2008"]
[Source "ChessBase"]
[SourceDate "2008.06.24"]
[SourceVersion "1"]
[SourceVersionDate "2008.06.24"]
[SourceQuality "1"]

1. e4 e5 2. Nf3 d6 3. d4 Bg4 4. d5 Nf6 5. Nc3 c6 6. Bg5 Be7 7. Be2 0-0 8. 0-0 b5 9. Bxf6 Bxf6 10. dxc6 Bxf3 11. Bxf3 Nxc6 12. Nxb5 Nd4 13. Nxd4 exd4 14. e5 dxe5 15. Bxa8 Qxa8 16. Re1 Qb7 17. Rb1 Qd5 18. a4 Rb8 19. Qd3 Rb4 20. Qa6 Qb7 21. Qxb7 Rxb7 22. b4 Rc7 23. Rb2 Rc6 24. b5 Re6 25. a5 Bd8 26. Ra1 g6 27. b6 Bxb6 28. axb6 Rxb6 29. Rxb6 axb6 30. Rb1 Kg7 31. Rxb6 g5 32. Kf1 f6 33. Ke2 h5 34. Kd3 h4 35. Ke4 Kg6 36. h3 Kg7 37. Kf5 1-0

[Event "IECG CN.2000.0.00223"]
[Site "IECG email"]
[Date "2000.11.16"]
[Round "?"]
[White "Hieronymi, Andrew"]
[Black "Zednik, Martin"]
[Result "0-1"]
[WhiteElo "800"]
[BlackElo "800"]
[PlyCount "90"]
[EventDate "2000.11.16"]
[EventType "tourn (corr)"]
[EventRounds "6"]
[SourceTitle "Corr 2008"]
[Source "ChessBase"]
[SourceDate "2008.06.24"]
[SourceVersion "1"]
[SourceVersionDate "2008.06.24"]
[SourceQuality "1"]

1. e4 e5 2. Nf3 Nc6 3. Bb5 a6 4. Bxc6 dxc6 5. 0-0 Bg4 6. Re1 Qf6 7. d3 Bxf3 8. Qxf3 Qxf3 9. gxf3 Bb4 10. Bd2 Bxd2 11. Nxd2 Ne7 12. Kh1 Ng6 13. Rg1 Rg8 14. Nc4 f6 15. Na5 Nf4 16. Nxb7 Rb8 17. Nc5 Rxb2 18. Rgc1 Ke7 19. Na4 Rb4 20. Nc5 Kd6 21. a3 Rb6 22. Nb3 Rgb8 23. Nd2 Ke7 24. Nc4 Rb5 25. a4 Rb4 26. Na5 Kd7 27. Nc4 g6 28. a5 R4b5 29. Rd1 g5 30. Re1 h5 31. Rad1 Ke7 32. h3 Nxh3 33. Kg2 Nf4+ 34. Kg3 h4+ 35. Kg4 Rh8 36. d4 exd4 37. Rxd4 h3 38. e5 h2 39. Rdd1 Ke6 40. exf6+ Kxf6 41. Rh1 Rbb8 42. Ne3 Rh4+ 43. Kg3 Rbh8 44. Rxh2 Rxh2 45. Ng4+ Kg6 0-1

[Event "IECG CN.2000.0.00223"]
[Site "IECG email"]
[Date "2000.11.16"]
[Round "?"]
[White "Rosenberger, Jerome"]
[Black "Hieronymi, Andrew"]
[Result "1-0"]
[WhiteElo "703"]
[BlackElo "800"]
[PlyCount "83"]
[EventDate "2000.11.16"]
[EventType "tourn (corr)"]
[EventRounds "6"]
[SourceTitle "Corr 2008"]
[Source "ChessBase"]
[SourceDate "2008.06.24"]
[SourceVersion "1"]
[SourceVersionDate "2008.06.24"]
[SourceQuality "1"]

1. e4 c5 2. Nf3 Nc6 3. d4 cxd4 4. Nxd4 Nf6 5. Nc3 e5 6. Ndb5 Bb4 7. Nd6+ Bxd6 8. Qxd6 Qa5 9. Bd2 Qb6 10. Bc4 Qd4 11. Qxd4 exd4 12. Nb5 0-0 13. Nd6 Ne8 14. Bf4 Nb4 15. 0-0 Nxc2 16. Rac1 Nb4 17. Nxc8 Nc6 18. Nd6 g5 19. Nxe8 Rfxe8 20. Bxg5 Rxe4 21. f3 Re5 22. Bf6 Rf5 23. Bh4 b5 24. Bd3 Rh5 25. Bf6 Rh6 26. Bg5 Rd6 27. Rfe1 a6 28. Be4 d3 29. Rcd1 Rc8 30. Bxd3 Kg7 31. Bf4 Rf6 32. g3 d5 33. a4 Nd4 34. Kf2 Nc2 35. Re5 Nb4 36. Rg5+ Kf8 37. Bxh7 Ke7 38. Rg7 Rfc6 39. Bg5+ Kd6 40. Rxf7 Rc4 41. Be7+ Ke6 42. Rg7 1-0

[Event "IECG CN.2000.0.00188"]
[Site "IECG email"]
[Date "2000.04.09"]
[Round "?"]
[White "Hieronymi, Andrew"]
[Black "Che Hassan, Muhamad Aizuddin"]
[Result "0-1"]
[WhiteElo "800"]
[BlackElo "928"]
[PlyCount "144"]
[EventDate "2000.04.09"]
[EventType "tourn (corr)"]
[EventRounds "6"]
[SourceTitle "Corr 2008"]
[Source "ChessBase"]
[SourceDate "2008.06.24"]
[SourceVersion "1"]
[SourceVersionDate "2008.06.24"]
[SourceQuality "1"]

1. e4 c5 2. Nf3 e6 3. d4 cxd4 4. Nxd4 a6 5. c4 Nf6 6. Nc3 Qc7 7. Bd3 Nc6 8. Bc2 Be7 9. 0-0 0-0 10. Nf3 b6 11. Bg5 Bb7 12. Qd2 Rad8 13. Na4 b5 14. cxb5 axb5 15. Nc3 Nb4 16. Bb3 Qb6 17. a3 Na6 18. e5 Nd5 19. Nxd5 Bxd5 20. Bxe7 Bxb3 21. Bxf8 Rxf8 22. Qxd7 Bd5 23. Nd2 Nc5 24. Qd6 Qxd6 25. exd6 Rd8 26. Rac1 Nb7 27. d7 Rxd7 28. Rc8+ Nd8 29. Nb1 Bc4 30. Re1 Kf8 31. Nc3 Ke7 32. a4 Nb7 33. axb5 Nd6 34. b6 Nxc8 35. b3 Ba6 36. Ra1 Bb7 37. Na4 Rd6 38. f3 Nxb6 39. Nc5 Bc6 40. b4 Rd4 41. Rb1 Bb5 42. Ne4 Nd5 43. Ra1 Nxb4 44. Ra7+ Rd7 45. Ra5 Bc6 46. Nc5 Rd1+ 47. Kf2 Kd6 48. Nb3 Rd3 49. Nc1 Rd2+ 50. Kg3 e5 51. Nb3 Rb2 52. Nc5 f5 53. Na6 Nxa6 54. Rxa6 Kc5 55. Ra7 Bb7 56. Ra5+ Kd4 57. Ra4+ Kd5 58. h4 Bc6 59. Ra7 f4+ 60. Kh3 Rb7 61. Ra1 Bd7+ 62. Kh2 Rb2 63. Ra7 Kd6 64. Ra6+ Ke7 65. Ra7 Ke6 66. Ra6+ Kd5 67. Ra7 Kd6 68. Ra6+ Bc6 69. Ra7 Bxf3 70. Rxg7 Rxg2+ 71. Rxg2 Bxg2 72. Kxg2 e4 0-1

[Event "IECG CN.2000.0.00188"]
[Site "IECG email"]
[Date "2000.04.09"]
[Round "?"]
[White "Mills, Mark"]
[Black "Hieronymi, Andrew"]
[Result "1-0"]
[WhiteElo "868"]
[BlackElo "800"]
[PlyCount "65"]
[EventDate "2000.04.09"]
[EventType "tourn (corr)"]
[EventRounds "6"]
[SourceTitle "Corr 2008"]
[Source "ChessBase"]
[SourceDate "2008.06.24"]
[SourceVersion "1"]
[SourceVersionDate "2008.06.24"]
[SourceQuality "1"]

1. e4 c5 2. Nf3 Nc6 3. c3 d6 4. d4 cxd4 5. cxd4 Bg4 6. d5 Bxf3 7. Qxf3 Ne5 8. Qb3 Nf6 9. Qxb7 Qc8 10. Qxc8+ Rxc8 11. Bb5+ Ned7 12. Nc3 e6 13. Be3 a5 14. dxe6 fxe6 15. Bb6 a4 16. Bxa4 Rb8 17. Be3 Rxb2 18. Bb3 Ng4 19. Bc1 Rxf2 20. h3 Nde5 21. hxg4 Nd3+ 22. Kd1 Rxg2 23. Rf1 Nc5 24. Be3 Kd7 25. Rb1 Be7 26. Bc4 Rc8 27. Rf7 Rxg4 28. Bxc5 Rxc5 29. Rb7+ Rc7 30. Rxc7+ Kxc7 31. Rxe7+ Kb6 32. Na4+ Ka5 33. a3 1-0

[Event "IECG QN.2000.0.00105"]
[Site "IECG email"]
[Date "2000.03.25"]
[Round "?"]
[White "Hieronymi, Andrew"]
[Black "Neil, George"]
[Result "1-0"]
[WhiteElo "800"]
[BlackElo "800"]
[PlyCount "73"]
[EventDate "2000.03.25"]
[EventType "tourn (corr)"]
[EventRounds "6"]
[SourceTitle "Corr 2008"]
[Source "ChessBase"]
[SourceDate "2008.06.24"]
[SourceVersion "1"]
[SourceVersionDate "2008.06.24"]
[SourceQuality "1"]

1. e4 e5 2. Nf3 Nc6 3. Bb5 a6 4. Ba4 b5 5. Bb3 Nf6 6. 0-0 Bc5 7. Re1 0-0 8. c3 d5 9. h3 Be6 10. d4 exd4 11. cxd4 dxe4 12. dxc5 exf3 13. Qxf3 Nd4 14. Qc3 Nxb3 15. axb3 Nd5 16. Qg3 Qf6 17. Nc3 Nb4 18. Re2 c6 19. Ne4 Qg6 20. Qc3 Nd5 21. Qf3 Nf6 22. Nd6 Bd5 23. Qg3 Qxg3 24. fxg3 Nh5 25. Re3 Nf6 26. Bd2 Nd7 27. Bb4 Nf6 28. Rae1 a5 29. Bc3 b4 30. Bxf6 gxf6 31. Rf1 a4 32. bxa4 Rxa4 33. Rxf6 Kg7 34. Rf4 Ra1+ 35. Kh2 f6 36. Re7+ Bf7 37. Rg4+ 1-0